00608nam a2200169 a 450000100100000000500170001000800410002702000150006804000250008308200150010810000320012324501020015526000680025730000210032550000550034650400370040100000682720200929154013.0090903s2004 dr 000 0 spa d a9993499218 aDO-SdBNPbspacBNPHU axxxbY831g1 aYoselman R., Mirabald1969-10aGuía :btécnicas para la organización exitosa de eventos cristianos /cMirabal, Yoselman R. aSanto Domingo, :bMinisterio de Publicaciones Cristiana,c2004. a145 p. :b22 cm. aIncluye datos biográficos del autor en la solapa aIncluye bibliografías (p. 145)